Biggest Cities in the Koreas on a Map - Statistics

General Stats
  • This quiz has been taken 777 times
  • The average score is 8 of 16
Answers on the Map
Answers color-coded by a green-red scale on the quiz's map according to % correct below.
 
Answer Stats
Group Population Answer % Correct
South Korea 10,010,983 Seoul
99%
North Korea 2,581,076 Pyongyang
98%
South Korea 3,459,840 Busan
95%
South Korea 3,029,285 Incheon
85%
South Korea 2,468,222 Daegu
79%
South Korea 1,493,979 Daejeon
55%
South Korea 1,480,293 Gwangju
55%
South Korea 1,168,469 Ulsan
53%
North Korea 703,610 Hamhŭng
46%
South Korea 1,235,022 Suwon
35%
North Korea 614,892 Ch'ŏngjin
28%
North Korea 328,467 Wŏnsan
27%
North Korea 310,531 Namp'o
24%
North Korea 334,031 Sinŭiju
18%
North Korea 271,434 Sariwŏn
17%
North Korea 262,389 Kaech'ŏn
11%
No matching quizzes found
Score Distribution
Percent of People with Each Score
Percentile by Number Answered
Your Score History
You have not taken this quiz